000 00362nam a2200133Ia 4500
008 230917s9999||||xx |||||||||||||| ||und||
040 _e160660
_aMAIN
041 _aEnglish
082 _a301.412 R137W
100 _aRaj Kumar
245 0 _aWomen participation in Panchayati Raj institutions: A case study of Bhiwani district
300 _a186 p.
942 _cTH
999 _c124867
_d124867